<?xml version="1.0" encoding="UTF-8"?>
<record
    xmlns:xsi="http://www.w3.org/2001/XMLSchema-instance"
    xsi:schemaLocation="http://www.loc.gov/MARC21/slim http://www.loc.gov/standards/marcxml/schema/MARC21slim.xsd"
    xmlns="http://www.loc.gov/MARC21/slim">

  <leader>00752na  a2200229   4500</leader>
  <controlfield tag="001">17615</controlfield>
  <controlfield tag="003">MIRAKIL</controlfield>
  <controlfield tag="005">20181213154821.0</controlfield>
  <controlfield tag="008">161227b        tu            000 0      </controlfield>
  <datafield tag="040" ind1=" " ind2=" ">
    <subfield code="a">Milas</subfield>
    <subfield code="b">tur</subfield>
    <subfield code="c">TR-AnCHP</subfield>
  </datafield>
  <datafield tag="041" ind1=" " ind2=" ">
    <subfield code="a">tur</subfield>
  </datafield>
  <datafield tag="082" ind1=" " ind2=" ">
    <subfield code="a">338.9</subfield>
    <subfield code="b">K94y 1998</subfield>
  </datafield>
  <datafield tag="090" ind1=" " ind2=" ">
    <subfield code="a">338.9 K94y 1998</subfield>
  </datafield>
  <datafield tag="100" ind1=" " ind2=" ">
    <subfield code="a">Kulhan, Ethem</subfield>
  </datafield>
  <datafield tag="245" ind1=" " ind2=" ">
    <subfield code="a">Yat&#x131;r&#x131;mlarda devlet yard&#x131;mlar&#x131; ve kalk&#x131;nma &#xF6;ncelikli y&#xF6;relere sa&#x11F;lanan di&#x11F;er destekler </subfield>
    <subfield code="c">Ethem Kulhan</subfield>
  </datafield>
  <datafield tag="260" ind1=" " ind2=" ">
    <subfield code="a">Ankara</subfield>
    <subfield code="b">DPT</subfield>
    <subfield code="c">1998</subfield>
  </datafield>
  <datafield tag="300" ind1=" " ind2=" ">
    <subfield code="a">110 s.</subfield>
    <subfield code="b">tbl.</subfield>
    <subfield code="c">27 sm.</subfield>
  </datafield>
  <datafield tag="610" ind1=" " ind2=" ">
    <subfield code="a">B&#xF6;lgesel Geli&#x15F;me ve Yap&#x131;sal Uyum Genel M&#xFC;d&#xFC;rl&#xFC;&#x11F;&#xFC;</subfield>
  </datafield>
  <datafield tag="650" ind1=" " ind2=" ">
    <subfield code="a">Devlet yard&#x131;mlar&#x131;</subfield>
    <subfield code="x">Kalk&#x131;nmada &#xF6;ncelikli y&#xF6;reler</subfield>
  </datafield>
  <datafield tag="650" ind1=" " ind2=" ">
    <subfield code="a">Yat&#x131;r&#x131;mlar</subfield>
    <subfield code="x">Kalk&#x131;nmada &#xF6;ncelikli y&#xF6;reler</subfield>
  </datafield>
  <datafield tag="942" ind1=" " ind2=" ">
    <subfield code="2">ddc</subfield>
    <subfield code="c">BKS</subfield>
  </datafield>
  <datafield tag="952" ind1=" " ind2=" ">
    <subfield code="a">0001</subfield>
    <subfield code="b">0001</subfield>
    <subfield code="d">2016-10-31</subfield>
    <subfield code="e">2</subfield>
    <subfield code="l">0</subfield>
    <subfield code="o">338.9 K94y 1998</subfield>
    <subfield code="p">005915</subfield>
    <subfield code="r">2016-10-31 00:00:00</subfield>
    <subfield code="v">0.00</subfield>
    <subfield code="w">2016-10-31</subfield>
    <subfield code="y">BKS</subfield>
  </datafield>
  <datafield tag="999" ind1=" " ind2=" ">
    <subfield code="c">1363</subfield>
    <subfield code="d">1363</subfield>
  </datafield>
</record>
